Billboard Women of the Year Awards - Statistics

General Stats
  • This quiz has been taken 42 times
  • The average score is 5 of 11
Answer Stats
Year Women % Correct
2009 Beyonce
78%
2011 Taylor Swift
72%
2014 Taylor Swift
72%
2012 Katy Perry
59%
2015 Lady Gaga
59%
2016 Madonna
50%
2013 Pink
34%
2017 Selena Gomez
34%
2010 Fergie
16%
2008 Ciara
9%
2007 Reba McEntire
9%
No matching quizzes found
Score Distribution
Percent of People with Each Score
Percentile by Number Answered
Your Score History
You have not taken this quiz